000 00314 a2200121 4500
005 20250629123557.0
082 _a658.78 TES
100 _aTESHA. C .P .
245 _aStores Management Manual
260 _aDar es salaam,
_bTesha, c . p.,
_c1991.
300 _a148p.: ill.; figure, table,
_c20cm.
942 _2ddc
_cBKS
999 _c6324
_d6324